Central Library OPAC University of Rajshahi

Ideology and discontent / (Record no. 35988)

MARC details
000 -LEADER
fixed length control field 00939nam a22002891 4500
001 - CONTROL NUMBER
control field 35988
003 - CONTROL NUMBER IDENTIFIER
rucl marc code BD-RjUL
005 - DATE AND TIME OF LATEST TRANSACTION
control field 20211209052420.0
008 - FIXED-LENGTH DATA ELEMENTS--GENERAL INFORMATION
fixed length control field 140615r19671964enka b 000 0 eng d
035 ## - SYSTEM CONTROL NUMBER
System control number (BD-RjUL)36085
System control number (OCoLC)193632
040 ## - CATALOGING SOURCE
Original cataloging agency DLC
Transcribing agency OYU
Modifying agency OCoLC
-- Uk
-- DLC
-- BD-RjUL
Language of cataloging eng
041 ## - LANGUAGE CODE
Language code of text/sound track or separate title eng
082 00 - DEWEY DECIMAL CLASSIFICATION NUMBER
Classification number 320.54
Author mark and year IDE 1967
100 ## - MAIN ENTRY--PERSONAL NAME
Dates associated with a name 1924-2010.
9 (RLIN) 109557
245 10 - TITLE STATEMENT
Title Ideology and discontent /
Statement of responsibility, etc. edited by David E. Apter.
260 ## - PUBLICATION, DISTRIBUTION, ETC. (IMPRINT)
Place of publication, distribution, etc. London :
Name of publisher, distributor, etc. Free Press of Glencoe ,
Date of publication, distribution, etc. 1964 [Reprinted 1967]
300 ## - PHYSICAL DESCRIPTION
Pagination 342 p. :
Illustrations ill. ;
Size 24 cm.
504 ## - BIBLIOGRAPHY, ETC. NOTE
Bibliography, etc "Supplementary bibliography, compiled by Kay L. Lawson": p.[329]-334.
650 #0 - SUBJECT ADDED ENTRY--TOPICAL TERM
Topical term or geographic name as entry element Nationalism.
9 (RLIN) 109559
Topical term or geographic name as entry element Political psychology.
9 (RLIN) 3579
700 1# - ADDED ENTRY--PERSONAL NAME
Personal name Apter, David E.
942 ## - ADDED ENTRY ELEMENTS (KOHA)
Source of classification or shelving scheme Dewey Decimal Classification
Koha item type Books
Holdings
Lost status Source of classification or shelving scheme Damaged status Not for loan Collection code Permanent Location Current Location Shelving location Date acquired Total Checkouts Full call number Date last seen Copy number Koha item type
  Dewey Decimal Classification     Non-fiction Central Library, University of Rajshahi Central Library, University of Rajshahi   15/06/2014   320.54 IDE 1967 15/06/2014 C-2 Books
  Dewey Decimal Classification   Not For Loan Non-fiction Central Library, University of Rajshahi Central Library, University of Rajshahi Reading Room 15/06/2014   320.54 IDE 1967 15/06/2014 C-1 Books